Carbon nanotube based VLSI interconnects: (Record no. 597761)
[ view plain ]
| 000 -LEADER | |
|---|---|
| fixed length control field | 00293nam a2200109Ia 4500 |
| 008 - FIXED-LENGTH DATA ELEMENTS--GENERAL INFORMATION | |
| fixed length control field | 230907s9999||||xx |||||||||||||| ||und|| |
| 082 ## - DEWEY DECIMAL CLASSIFICATION NUMBER | |
| Classification number | 621.395,KAU |
| 100 ## - MAIN ENTRY--PERSONAL NAME | |
| Personal name | Kaushik, Brajesh Kumar |
| 9 (RLIN) | 115172 |
| 245 #0 - TITLE STATEMENT | |
| Title | Carbon nanotube based VLSI interconnects: |
| 300 ## - PHYSICAL DESCRIPTION | |
| Extent | xi, 86 pages.: |
| 942 ## - ADDED ENTRY ELEMENTS (KOHA) | |
| Koha item type | Book |
| Withdrawn status | Lost status | Damaged status | Not for loan | Permanent Location | Current Location | Date acquired | Total Checkouts | Full call number | Barcode | Date last seen | Price effective from | Koha item type |
|---|---|---|---|---|---|---|---|---|---|---|---|---|
| US-Pakistan Center for Advanced Studies in Energy (USPCAS-E) | US-Pakistan Center for Advanced Studies in Energy (USPCAS-E) | 03/12/2018 | 621.395,KAU | CAS-E0001860 | 09/12/2023 | 09/12/2023 | Book |
